|
|
|
|
| LEADER |
00000cam a2200000 7i4500 |
| 001 |
0000013730 |
| 005 |
20080221.0 |
| 008 |
250108 |
| 020 |
|
|
|a 9830460940
|
| 090 |
0 |
0 |
|a 158.1
|b AMI
|
| 100 |
0 |
|
|a Amina Hj.Noor
|
| 245 |
1 |
0 |
|a Kejayaan terletak di dalam diri anda
|c Amina Hj.Noor
|
| 260 |
|
|
|a Kuala Lumpur :
|b Darul Nu'man ,
|c 2000
|
| 650 |
|
0 |
|a Motivation (Psychology)
|
| 650 |
|
0 |
|a Personality
|
| 650 |
|
0 |
|a Success
|
| 999 |
|
|
|a 0001006023
|b Book
|c Adult Collection
|e Perbadanan Perpustakaan Awam Johor
|
| 999 |
|
|
|a 0001006025
|b Book
|c Adult Collection
|e Cawangan AEON Kulaijaya
|
| 999 |
|
|
|a 0001006099
|b Book
|c Adult Collection
|e Perbadanan Perpustakaan Awam Johor
|